Geography Quiz

Random Geography or World Quiz

Time Zone Capitals Blitz Quiz Stats

 Plays Quiz Updated Apr 18, 2019

Score 0/197 Timer 01:30
24 Plays Today
Answer % Correct
Nassau
95.4%
Ottawa
95.4%
Havana
95.4%
Port-au-Prince
95.4%
Washington D.C.
95.4%
Bogota
95.2%
Quito
95.2%
Kingston
95.2%
Panama City
95.2%
Lima
95.2%
Tirana
92.9%
Andorra La Vella
92.9%
Vienna
92.9%
Brussels
92.9%
Sarajevo
92.9%
Zagreb
92.9%
Prague
92.9%
Copenhagen
92.9%
Paris
92.9%
Berlin
92.9%
Vatican City
92.9%
Budapest
92.9%
Rome
92.9%
Vaduz
92.9%
Luxembourg
92.9%
Skopje
92.9%
Valletta
92.9%
Monaco
92.9%
Amsterdam
92.9%
Oslo
92.9%
Warsaw
92.9%
San Marino
92.9%
Podgorica
92.9%
Belgrade
92.9%
Bratislava
92.9%
Ljubljana
92.9%
Madrid
92.9%
Stockholm
92.9%
Bern
92.9%
Pristina
92.9%
Algiers
92.8%
Luanda
92.8%
Porto-Novo
92.8%
Yaounde
92.8%
Bangui
92.8%
N'Djamena
92.8%
Kinshasa
92.8%
Brazzaville
92.8%
Malabo
92.8%
Libreville
92.8%
Rabat
92.8%
Niamey
92.8%
Abuja
92.8%
Sao Tome
92.8%
Tunis
92.8%
Dublin
90.9%
Lisbon
90.9%
London
90.9%
Ouagadougou
90.5%
Yamoussoukro
90.5%
Banjul
90.5%
Accra
90.5%
Conakry
90.5%
Bissau
90.5%
Monrovia
90.5%
Bamako
90.5%
Answer % Correct
Nouakchott
90.5%
Dakar
90.5%
Freetown
90.5%
Lome
90.5%
Reykjavik
90.5%
Manama
88.8%
Minsk
88.8%
Moroni
88.8%
Djibouti
88.8%
Asmara
88.8%
Addis Ababa
88.8%
Baghdad
88.8%
Nairobi
88.8%
Kuwait City
88.8%
Antananarivo
88.8%
Doha
88.8%
Moscow
88.8%
Riyadh
88.8%
Mogadishu
88.8%
Dodoma
88.8%
Ankara
88.8%
Kampala
88.8%
Sana'a
88.8%
Juba
88.8%
Bandar Seri Begawan
80.6%
Beijing
80.6%
Ulaanbaatar
80.6%
Manila
80.6%
Singapore
80.6%
Taipei
80.6%
Kuala Lumpur
80.2%
Dili
76.7%
Tokyo
76.7%
Pyongyang
76.7%
Seoul
76.7%
Ngerulmud
76.7%
Gaborone
74.1%
Gitega
74.1%
Cairo
74.1%
Maseru
74.1%
Tripoli
74.1%
Lilongwe
74.1%
Maputo
74.1%
Windhoek
74.1%
Kigali
74.1%
Pretoria
74.1%
Khartoum
74.1%
Mbabane
74.1%
Lusaka
74.1%
Harare
74.1%
Sofia
74.1%
Nicosia
74.1%
Tallinn
74.1%
Helsinki
74.1%
Athens
74.1%
Jerusalem
74.1%
Amman
74.1%
Riga
74.1%
Beirut
74.1%
Vilnius
74.1%
Chisinau
74.1%
Bucharest
74.1%
Damascus
74.1%
Kyiv
74.1%
Rammalah
74.1%
Canberra
67.9%
Answer % Correct
Port Moresby
67.9%
Buenos Aires
64.4%
Brasilia
64.4%
Paramaribo
64.4%
Montevideo
64.4%
Suva
58.4%
Tarawa
58.4%
Majuro
58.4%
Yaren
58.4%
Wellington
58.4%
Funafuti
58.4%
Mexico City
55.8%
Belmopan
55.2%
San Jose
55.2%
San Salvador
55.2%
Guatemala City
55.2%
Tegucigalpa
55.2%
Managua
55.2%
New Delhi
51.3%
Sri Jayawardenepura Kotte
51.3%
Saint Johns
49.8%
Bridgetown
49.8%
La Paz
49.8%
Roseau
49.8%
Santo Domingo
49.8%
Saint George's
49.8%
Georgetown
49.8%
Asuncion
49.8%
Basseterre
49.8%
Castries
49.8%
Kingstown
49.8%
Port of Spain
49.8%
Caracas
49.8%
Santiago
49.7%
Phnom Penh
42.3%
Jakarta
42.3%
Vientiane
42.3%
Bangkok
42.3%
Hanoi
42.3%
Male
34.4%
Islamabad
34.4%
Dushanbe
34.4%
Ashgabat
34.4%
Tashkent
34.4%
Tehran
31.7%
Dhaka
27.1%
Thimphu
27.1%
Nur-Sultan
27.1%
Bishkek
27.1%
Yerevan
23.9%
Baku
23.9%
Tbilisi
23.9%
Port Louis
23.9%
Muscat
23.9%
Victoria
23.9%
Abu Dhabi
23.9%
Apia
20.6%
Nuku'alofa
20.6%
Kabul
19.9%
Kathmandu
14.9%
Palikir
12%
Honiara
12%
Port Vila
12%
Praia
11.2%
Naypyidaw
6.1%

You're not logged in!

Compare scores with friends on all Sporcle quizzes.
OR
Log In

Sporcle TV

Today on Sporcle TV


Watch our educational content, quiz creation guides, and fun videos on Sporcle TV.

Show Comments

Extras

Top Quizzes Today


Score Distribution

Your Account Isn't Verified!

In order to create a playlist on Sporcle, you need to verify the email address you used during registration. Go to your Sporcle Settings to finish the process.

Report this User

Report this user for behavior that violates our Community Guidelines.

Details: